000 00552nam a22001697a 4500
003 OSt
005 20180519114152.0
008 180226b xxu||||| |||| 00| 0 spa d
020 _a9502007579
040 _cPJT
100 _9596
_aBoggiano, Antonio
245 1 0 _aCurso de derecho internacional privado :
_bderecho de las relaciones privadas internacionales /
_cAntonio Boggiano.
260 _aBuenos Aires :
_bAbeledo-Perrot,
_c1993.
300 _a879 p.
_c23 cm.
650 0 _9327
_aDERECHO INTERNACIONAL PRIVADO
942 _2udc
_cLIB
_h341.9
_iBOG
999 _c528
_d528